[Event "Hofheim Spring op-B 2nd"]
[Site "Hofheim"]
[Date "2014.04.23"]
[Round "2"]
[White "Kitz, Arnd"]
[Black "Weber, Guenter"]
[Result "0-1"]
[WhiteElo "1589"]
[BlackElo "1753"]
[PlyCount "68"]
[EventDate "2014.04.22"]
[EventType "swiss"]
[EventRounds "9"]
[EventCountry "GER"]
[SourceTitle "CBM 160 Extra"]
[Source "ChessBase"]
[SourceDate "2014.07.01"]
[SourceVersion "1"]
[SourceVersionDate "2014.07.01"]
[SourceQuality "1"]

1. e4 e6 2. d4 d5 3. Nc3 dxe4 4. Nxe4 Be7 5. Nf3 Nf6 6. Nxf6+ Bxf6 7. c3 b6 8. g3 Bb7 9. Bg2 Nd7 10. 0-0 0-0 11. Re1 c5 12. Be3 Rc8 13. Rc1 Re8 14. h4 cxd4 15. Bxd4 Nc5 16. Bxf6 Qxf6 17. Ne5 Red8 18. Qe2 Bxg2 19. Kxg2 Rd5 20. Rcd1 Rcd8 21. Rxd5 Rxd5 22. Nc6 h6 23. Nxa7 Qe7 24. Nc6 Qb7 25. Nd4 Rxd4+ 26. f3 Rd3 27. b4 Qd7 28. bxc5 Rd2 29. cxb6 Rxe2+ 30. Rxe2 Qb5 31. Re4 Qxb6 32. Rb4 Qa6 33. Rb2 Qc4 34. Rc2 Qd3 0-1

[Event "Hofheim Spring op-B 2nd"]
[Site "Hofheim"]
[Date "2014.04.22"]
[Round "1"]
[White "Weber, Guenter"]
[Black "Schwarz, Eduard"]
[Result "0-1"]
[WhiteElo "1753"]
[BlackElo "1941"]
[PlyCount "90"]
[EventDate "2014.04.22"]
[EventType "swiss"]
[EventRounds "9"]
[EventCountry "GER"]
[SourceTitle "CBM 160 Extra"]
[Source "ChessBase"]
[SourceDate "2014.07.01"]
[SourceVersion "1"]
[SourceVersionDate "2014.07.01"]
[SourceQuality "1"]

1. d4 Nf6 2. c4 e6 3. Nc3 Bb4 4. Nf3 0-0 5. Bg5 c5 6. e3 d5 7. Be2 dxc4 8. Bxc4 Qa5 9. Bxf6 Bxc3+ 10. bxc3 Qxc3+ 11. Nd2 gxf6 12. Rc1 Qa5 13. Qg4+ Kh8 14. Qf4 Nd7 15. Rc2 cxd4 16. Qxd4 Qe5 17. 0-0 Qxd4 18. exd4 Nb6 19. Bb3 Bd7 20. Ne4 f5 21. Nf6 Bc6 22. Rc3 Kg7 23. Nh5+ Kg6 24. Rh3 Rad8 25. Rd1 Be4 26. f3 Bd5 27. Rd3 Bxb3 28. f4 Bd1 29. Rxd1 f6 30. Rdd3 Rg8 31. Kf2 Nd5 32. Kf3 Rc8 33. a3 Rc7 34. Rg3+ Kf7 35. Rxg8 Kxg8 36. g4 fxg4+ 37. Kxg4 f5+ 38. Kg5 Kf7 39. Kh6 Rc3 40. Rg3 Rxg3 41. hxg3 b5 42. Kg5 Nf6 43. g4 Nxh5 44. gxh5 a5 45. d5 b4 0-1